Statystyki dla Miasta na prawach powiatu w Polsce

Kliknij tutaj aby rozwiązać quiz!

Ogólne statystyki

  • Ten quiz został rozwiązany 17 razy
  • Średni wynik to 49 z 66

Statystyki odpowiedzi

WojewództwoMiasto% Poprawnych
mazowieckieWarszawa
100%
kujawsko-pomorskieBydgoszcz
94%
pomorskieGdańsk
94%
lubuskieGorzów Wielkopolski
94%
śląskieKatowice
94%
kujawsko-pomorskieToruń
94%
dolnośląskieWrocław
94%
podlaskieBiałystok
88%
śląskieCzęstochowa
88%
pomorskieGdynia
88%
małopolskieKraków
88%
lubelskieLublin
88%
opolskieOpole
88%
pomorskieSopot
88%
zachodniopomorskieSzczecin
88%
dolnośląskieWałbrzych
88%
lubelskieBiała Podlaska
81%
świętokrzyskieKielce
81%
łódzkieŁódź
81%
warmińsko-mazurskieOlsztyn
81%
podkarpackieRzeszów
81%
małopolskieTarnów
81%
śląskieZabrze
81%
lubuskieZielona Góra
81%
śląskieBielsko-Biała
75%
śląskieBytom
75%
śląskieDąbrowa Górnicza
75%
dolnośląskieJelenia Góra
75%
zachodniopomorskieKoszalin
75%
dolnośląskieLegnica
75%
łódzkiePiotrków Trybunalski
75%
wielkopolskiePoznań
75%
podkarpackiePrzemyśl
75%
mazowieckieRadom
75%
mazowieckieSiedlce
75%
pomorskieSłupsk
75%
śląskieSosnowiec
75%
podlaskieSuwałki
75%
śląskieTychy
75%
kujawsko-pomorskieWłocławek
75%
lubelskieChełm
69%
warmińsko-mazurskieElbląg
69%
śląskieJaworzno
69%
wielkopolskieKonin
69%
wielkopolskieLeszno
69%
małopolskieNowy Sącz
69%
mazowieckiePłock
69%
podkarpackieTarnobrzeg
69%
lubelskieZamość
69%
śląskieChorzów
63%
śląskieGliwice
63%
kujawsko-pomorskieGrudziądz
63%
wielkopolskieKalisz
63%
podlaskieŁomża
63%
śląskieRuda Śląska
63%
śląskieSiemianowice Śląskie
63%
podkarpackieKrosno
56%
mazowieckieOstrołęka
56%
śląskieRybnik
56%
łódzkieSkierniewice
56%
zachodniopomorskieŚwinoujście
56%
śląskieŻory
50%
śląskieJastrzębie-Zdrój
44%
śląskieMysłowice
44%
śląskiePiekary Śląskie
44%
śląskieŚwiętochłowice
44%

Rozkład punktacji

Percentyl według liczby udzielonych odpowiedzi

Procent ludzi z każdym wynikiem

Twoja historia wyników

Nie rozwiązałeś tego quizu